000
00293nam a22001337a 4500
008
170424b xxu||||| |||| 00| 0 eng d
020
_a
67660
041
_a
eng
080
_a
543
100
_a
12
101
_a
SHM
245
_a
MODERN METHODS OF CHEMICAL ANALYSIS
_c
PECSOK
942
_2
udc
_c
BK
999
_c
11746
_d
11746